000 00648nam a22001931a 4500
001 12193
003 OSt
005 20260204212316.0
008 150319s2013||||ck ||||||b||||||||||spa||
020 _a9789587413242
082 _a465.07 M843g
100 _aMoreno Castrillon, Francisco
245 _aGramatica y ortografía al día: Guía como las principales novedades de la Real Academia Española / Francisco Moreno Castrillon
264 _aBarraquilla : Universidad del Norte
300 _a195 p.
500 _aIncluye referencias bibliográficas
650 _aESPAÑOL - GRAMATICA 2.ESPAÑOL - ORTOGRAFIA - ENSEÑANZAÌ
942 _2ddc
_cBK
999 _c12193
_d12193